|
|
|
|
| LEADER |
00000nab a2200000uu 4500 |
| 001 |
vtls010880237 |
| 003 |
SK-MaSNL |
| 005 |
20260303163728.0 |
| 008 |
230303|1958 xo |||||||||||||||||slo| |
| 015 |
|
|
|a SNBRB
|
| 035 |
|
|
|a (urnnbn)urn:nbn:sk:snk:ar-005x90
|
| 035 |
|
|
|a (uuid)6ef120c1-cbd5-4dc2-8eb8-bd9748938013
|
| 035 |
|
|
|a urn:nbn:sk:snk-ab7ohi
|
| 040 |
|
|
|a SNKBUCL
|b slo
|c SNKBUCL
|e AACR2
|
| 041 |
0 |
|
|a slo
|
| 044 |
|
|
|a xo
|c SK
|
| 100 |
1 |
|
|a Šikl, Dobroslav
|4 aut
|9 1138926
|
| 245 |
1 |
0 |
|a IZOLÁCIA KARDIOAKTÍVNYCH GLYKOZIDOV Z LISTOV KONVALINKY VONNEJ (CONVALLARIA MAJALIS L.) PROTIPRÚDNYM ROZTREPÁVANÍM
|c Dobroslav Šikl
|
| 773 |
0 |
|
|t Chemické zvesti
|g Roč. 12, č. 11 (1958), s. 679-681
|
| 958 |
|
|
|a OND
|
| 958 |
|
|
|a EUIPO
|
| 958 |
|
|
|a article8
|
| 999 |
|
|
|c 2060813
|d 2062743
|